| 000 | 00375nam a22001577a 4500 | ||
|---|---|---|---|
| 003 | CEME | ||
| 005 | 20210628203326.0 | ||
| 008 | 210304b xxu||||| |||| 00| 0 eng d | ||
| 040 | _c. | ||
| 082 | _a0333 WAS | ||
| 100 |
_aRafi Ullah Shahab _964738 |
||
| 245 | _aIslami tahwaro rasoomat | ||
| 260 |
_bISLAMIC PUBLICATIONS _c2002 |
||
| 650 |
_aURDU _923362 |
||
| 942 |
_cBK _2ddc |
||
| 999 |
_c573145 _d573145 |
||